| 000 | 00701nam a2200181Ia 4500 | ||
|---|---|---|---|
| 008 | 100920s9999 xx 000 0 und d | ||
| 082 |
_b63486 _a61 0 |
||
| 100 | _aदेशमुख वसंत गोविंद. | ||
| 245 | _aमृत्तकिा झाली कस्तुरी. | ||
| 260 |
_bवसुधा पब्लिकेशन्स, मुंबई. _c0 |
||
| 300 |
_a147 _bसाधी |
||
| 365 | _b5 | ||
| 520 | _aस्थानिक वाचन. | ||
| 630 | _aमृत्तकिा झाली कस्तुरी. | ||
| 650 | _aस्थानिक वाचन. | ||
| 730 | _aमृत्तकिा झाली कस्तुरी. | ||
| 942 | _cBOOK | ||
| 999 |
_c706566 _d706563 |
||